000 00641cam a22002293a 4500
001 5008
003 PGUSA
005 20140828083112.0
008 040201s2004||||xxu|||||s|||||000 1 eng d
040 _aPGUSA
_beng
042 _adc
050 4 _aPS
100 1 _aSheldon, Georgie,
_cMrs,
_d1843-1926
245 1 0 _aKatherine's Sheaves
_h[electronic resource] /
_cGeorgie, Sheldon
260 _bProject Gutenberg,
_c2004
506 _aPublic domain in the USA.
516 _aElectronic text
653 _aChristian Science -- Fiction
830 0 _aProject Gutenberg
_v5008
856 4 0 _uhttp://www.gutenberg.org/ebooks/5008
942 _cEB
999 _c234337
_d234337